European Competitions Top 5 Scorers: 1998/99 - Statistics

General Stats
  • This quiz has been taken 4 times
  • The average score is 3 of 24
Answer Stats
Competition Goals Club Nationality Player % Correct
Champions League 8 Dynamo Kyiv Ukraine Andriy Shevchenko
75%
Champions League 8 Manchester United Trinidad and Tobago Dwight Yorke
50%
Champions League 6 Juventus Italy Filippo Inzaghi
50%
Cup Winners' Cup 4 Lazio Czechia Pavel Nedved
50%
UEFA Cup 6 Parma Argentina Hernan Crespo
25%
Champions League 5 PSV Netherlands Ruud van Nistelrooy
25%
UEFA Cup 6 Lyon France Alain Caveglia
0%
Cup Winners' Cup 7 Maccabi Haifa Israel Alon Mizrahi
0%
Cup Winners' Cup 4 Genk Belgium Branko Strupar
0%
Cup Winners' Cup 4 Mallorca Spain Dani
0%
UEFA Cup 8 Real Sociedad Yugoslavia Darko Kovacevic
0%
Cup Winners' Cup 4 Lazio Yugoslavia Dejan Stankovic
0%
Cup Winners' Cup 4 Lokomotiv Moscow Russia Dmitri Bulykin
0%
UEFA Cup 8 Parma Italy Enrico Chiesa
0%
Cup Winners' Cup 4 Lausanne-Sport Switzerland Fabio Celestini
0%
Cup Winners' Cup 4 Valerenga Norway John Carew
0%
Cup Winners' Cup 4 MTK Hungary Krisztian Kenesei
0%
Cup Winners' Cup 5 Apollon Limassol Cyprus Milenko Spoljaric
0%
Champions League 5 Benfica Portugal Nuno Gomes
0%
Cup Winners' Cup 4 Besiktas Turkey Oktay Derelioglu
0%
UEFA Cup 6 Zurich South Africa Shaun Bartlett
0%
Cup Winners' Cup 5 Genk Guinea Souleymane Oulare
0%
Cup Winners' Cup 6 Lokomotiv Moscow Georgia Zaza Janashia
0%
Champions League 7 Porto Slovenia Zlatko Zahovic
0%
No matching quizzes found
Score Distribution
Percent of People with Each Score
Percentile by Number Answered
Your Score History
You have not taken this quiz